वापसी / (Record no. 114148)

MARC details
000 -LEADER
fixed length control field 01044nam a22002777a 4500
003 - CONTROL NUMBER IDENTIFIER
control field 0
005 - DATE AND TIME OF LATEST TRANSACTION
control field 20190314115954.0
008 - FIXED-LENGTH DATA ELEMENTS--GENERAL INFORMATION
fixed length control field 0
010 ## - LIBRARY OF CONGRESS CONTROL NUMBER
LC control number B-071451, B-071455
020 ## - INTERNATIONAL STANDARD BOOK NUMBER
Terms of availability 100.00
035 ## - SYSTEM CONTROL NUMBER
System control number B-071451,B-071452, B-071455, B-071455
037 ## - SOURCE OF ACQUISITION
Source of stock number/acquisition Cen Lib/Ret
040 ## - CATALOGING SOURCE
Original cataloging agency DPL
Language of cataloging HN
Transcribing agency 0
082 ## - DEWEY DECIMAL CLASSIFICATION NUMBER
Classification number
Item number आमना
100 ## - MAIN ENTRY--PERSONAL NAME
Personal name आमना अबुल हसन
9 (RLIN) 6710
245 ## - TITLE STATEMENT
Title वापसी /
Statement of responsibility, etc आमना अबुल हसन
246 ## - VARYING FORM OF TITLE
Title proper/short title Waapsi /
Remainder of title by Amna Abul Hasan
260 ## - PUBLICATION, DISTRIBUTION, ETC. (IMPRINT)
Place of publication, distribution, etc नई दिल्ली
Name of publisher, distributor, etc मॉडर्न पब्लिशिंग हाउस
Date of publication, distribution, etc 2002
270 ## - ADDRESS
Address 9, गोला मार्किट, दरयागंज
City नई दिल्ली
Postal code 110002
300 ## - PHYSICAL DESCRIPTION
Extent 112पृ.
Dimensions 21सेमी(सजिल्द )
650 ## - SUBJECT ADDED ENTRY--TOPICAL TERM
Topical term or geographic name as entry element हिंदी साहित्य
General subdivision
Geographic subdivision
9 (RLIN) 55573
650 ## - SUBJECT ADDED ENTRY--TOPICAL TERM
Topical term or geographic name as entry element हिंदी उपन्यास
9 (RLIN) 55574
650 ## - SUBJECT ADDED ENTRY--TOPICAL TERM
Topical term or geographic name as entry element Hindi literature
Form subdivision
9 (RLIN) 55575
650 ## - SUBJECT ADDED ENTRY--TOPICAL TERM
Topical term or geographic name as entry element Hindi novels
9 (RLIN) 55576
942 ## - ADDED ENTRY ELEMENTS (KOHA)
Source of classification or shelving scheme Dewey Decimal Classification
Koha item type Hindi Books
Classification part
Call number suffix आमना
Holdings
Withdrawn status Lost status Damaged status Not for loan Home library Current library Date acquired Source of acquisition Cost, normal purchase price Total Checkouts Total Renewals Full call number Barcode Date last seen Date checked out Copy number Cost, replacement price Price effective from Koha item type Source of classification or shelving scheme Collection code
        Central Library Central Library 14/08/2015 Cen Lib/Ret 100.00 3 1 उ आमना B-071451 22/05/2020 18/03/2020 1 100.00 14/08/2015 Hindi Books    
        Patel Nagar Patel Nagar 27/09/2018 BPPD/PUB 100.00     उ आमना B-071452 27/09/2018     100.00 27/09/2018 Hindi Books Dewey Decimal Classification Fiction
        Shahdara Branch Shahdara Branch 07/03/2019 BPPD/PUB 100.00     उ आमना B-071455 07/03/2019     100.00 07/03/2019 Hindi Books Dewey Decimal Classification Fiction

© Delhi Public Library
Hit Counter
free hit counter